Manual de tecnología del concreto
Gorde:
| Erakunde egilea: | |
|---|---|
| Formatua: | Liburua |
| Hizkuntza: | gaztelania |
| Argitaratua: |
Ciudad de México
Limusa
1994
|
| Gaiak: | |
| Etiketak: |
Etiketa erantsi
Etiketarik gabe, Izan zaitez lehena erregistro honi etiketa jartzen!
|
MARC
| LEADER | 00000nam a2200000 a 4500 | ||
|---|---|---|---|
| 001 | UCQ8635 | ||
| 003 | CL-VaPUC | ||
| 008 | 981210e19940000MX |||||||||||||||||spa|d | ||
| 082 | 0 | 4 | |a 620.136 |b COM |2 21 |
| 110 | 2 | |a Comisión Federal de Electricidad |e author |9 422722 | |
| 245 | 1 | 0 | |a Manual de tecnología del concreto |
| 300 | |a v | ||
| 942 | |c BK | ||
| 945 | |d 19981210 00:00:00 |a aarredon | ||
| 260 | |a Ciudad de México |b Limusa |c 1994 | ||
| 500 | |a v.1: Definición y requisitos de los componentes del concreto | ||
| 650 | 0 | |a Hormigones |9 262546 | |
| 650 | 0 | |a Materiales de construcción |9 260197 | |
| 650 | 7 | |a CEMENTO |2 CL-VaPUC |9 422723 | |
| 650 | 0 | |a Elementos estructurales |9 350100 | |
| 650 | 7 | |a CONSTRUCCION DE HORMIGON |2 CL-VaPUC |9 350101 | |
| 650 | 0 | |a Propiedades mecánicas |9 262507 | |
| 583 | |a last modification |c 20160921 10:11:20 |k Rodrigo Vera | ||
| 999 | |c 277849 |d 277847 | ||
| 952 | |0 0 |1 0 |4 0 |6 620_136000000000000_COM_1994 |7 0 |8 A |9 316089 |a BIBING |b BIBING |d 2019-11-20 |h v.1 |i 3490297 |o 620.136 COM 1994 |p 3490297 |r 2025-01-20 |w 2019-11-20 |y BK |k CCL | ||